| 000 | 00555nam a22001937a 4500 | ||
|---|---|---|---|
| 999 |
_c192440 _d192440 |
||
| 005 | 20220921161647.0 | ||
| 010 | _aENG-135173 | ||
| 020 |
_a9788128837579 _c150.00 |
||
| 035 | _aEN-118705 | ||
| 037 | _bDBAD/PUB | ||
| 082 | _a658.1 | ||
| 100 | _aKorrapati,Raghu | ||
| 245 |
_aA+Manager DNA Decoded/ _cby Raghu Korrapati |
||
| 260 |
_aNew Delhi _bDiamond Books _c2012 |
||
| 270 |
_aX-30,Okhla Industrial Area,Phase-II, _bNew Delhi _e110020 |
||
| 300 |
_a120p. _c22cm(pbk) |
||
| 500 | _aIncludes index | ||
| 942 |
_2ddc _cEN _h658.1 _mKOR |
||